000 003110000a22001450004500
003 MACL
040 _aMACL
090 _c3375
_d3375
100 _aKeay , F. E.
245 _aKabir And His Followers
260 _aNew Delhi
_bMittal Publications
_c1995
350 _a195
650 _aReligion
942 _cBOOK
_k294
999 _c3353
_d3353